Osud rakousko-uherských dluhů a závazků po roce 1918

Historický pohľad na právny štatút Rakúsko-Uhorska a jeho štátnych dlhov. Rozpad Rakúsko-Uhorska z pohľadu mierových zmlúv. Tri hlavné skupiny štátnych dlhov a záväzkov. Dve skupiny predvojnových dlhov a záväzkov. Zodpovednosť za nezabezpečené a zabezpečené dlhy, ich menové kurzy. Rozsah rakúskych a...

Full description

Saved in:
Bibliographic Details
Main Author: Červený, Petr
Format: Book Chapter
Language:Czech
Subjects:
Tags: Add Tag
No Tags, Be the first to tag this record!

MARC

LEADER 00000naa a2200000 4500
001 r047767
005 20240425123924.3
041 0 |a cze 
044 |a CZ 
245 1 0 |a Osud rakousko-uherských dluhů a závazků po roce 1918  |c Petr Červený 
520 |a Historický pohľad na právny štatút Rakúsko-Uhorska a jeho štátnych dlhov. Rozpad Rakúsko-Uhorska z pohľadu mierových zmlúv. Tri hlavné skupiny štátnych dlhov a záväzkov. Dve skupiny predvojnových dlhov a záväzkov. Zodpovednosť za nezabezpečené a zabezpečené dlhy, ich menové kurzy. Rozsah rakúskych a uhorských štátnych dlhov a záväzkov prevzatých Československom. 
610 2 0 |a dlhy štátne 
610 2 0 |a história 
610 2 0 |a banky 
610 2 0 |a zmluvy medzinárodné 
610 2 0 |a záväzky 
610 2 0 |a Československo 
610 2 0 |a Rakúsko-Uhorsko 
100 1 |a Červený, Petr